000 00911caa a22002417a 4500
999 _c405664
_d405664
001 123520
003 UA-OsUOA
005 20191217190327.0
007 ta
008 20170620b un ||||| |||| 00| 0 ukr d
040 _aUA-OsUOA
_bukr
_cUA-OsUOA
_dUA-OsUOA
041 _aukr
080 _a908
090 _a908
_bП27
100 _aПереходько Н.
245 _aСтворення першого медичного кооперативу "Здоров'я" на Рівненщині наприкінці 30-х років ХХ ст.
_cН. Переходько
300 _aС. 63–65
650 7 _a908 Краєзнавство
_2UDC
773 0 _0399319
_9416567
_dОстрог НаУОА 2015
_o148882
_tОстрозький краєзнавчий збірник
_w(UA-OsUOA) 113462
942 _cBKA
_2udc
955 _a1